=LDR 00000nam 2200000 4500 =001 INLIS000000000051880 =005 20210113122555 =035 ##$$a 0010-0118000068 =007 ta =008 210113################g##########0#ind## =020 ##$$a 978-602-317-086-9 =082 ##$$a 297.615 22 =084 ##$$a 297.615 22 NUR r =100 #$$a Nur Sillaturohmah =245 1#$$a Renungan dahsyat untuk muslimah : $b Kumpulan nasihat dahsyat agar hidup lebih semangat dan bahagia /$c Nur Sillaturohmah =260 ##$$a Surakarta :$b Ziyad Books,$c 2015 =300 ##$$a 184 hlm. : $b ilus. ; $c 20 x 14 cm =500 ##$$a Biografi : hlm. 183 =650 #4$$a Muslimah =504 ##$$a Bibliografi : hlm. 181-182 =990 ##$$a 21706695 =990 ##$$a 21706694 =990 ##$$a 21706693 =990 ##$$a 21706692 =990 ##$$a 21706691 =990 ##$$a 21706694 =990 ##$$a 21706695 =990 ##$$a 21706693 =990 ##$$a 21706692 =990 ##$$a 21706691